| Tag |
First Indicator |
Second Indicator |
Subfields |
| LEADER |
00000cam a2200000 4500 |
| 001 |
in00001944721 |
| 006 |
m | d | |
| 007 |
cr |n||||||||n |
| 008 |
870430s1752 enk|||| s 00||||eng d |
| 005 |
20260414190345.0 |
| 035 |
|
|
|a (CStRLIN)ESTCN27748
|
| 040 |
|
|
|a Cu-RivES
|c Cu-RivES
|d CStRLIN
|d Thomson Gale
|d UtOrBLW
|
| 100 |
1 |
|
|a Woodyer, John.
|
| 245 |
1 |
2 |
|a A catalogue of several thousand volumes ... including ... the ... library, of ... Robert Nash :
|b ... Which will be sold ... on Monday, December 19th 1752. ... By John Woodyer, bookseller. ... in Fleet-Street. ... Catalogues may be had gratis of Mr. Dodsley, ... Mr. Chappelle, ... Mr. Whitridge, ... Mr. Fletcher, at Oxon. Mr. Merrill at Cambridge, Mr. Chase at Norwich, and at the place of sale.
|
| 264 |
|
1 |
|a [London],
|b [publisher not identified] ;
|c [1752]
|
| 300 |
|
|
|a 2 unnumbered pages, 118p. ;
|c 8⁰.
|
| 336 |
|
|
|a text
|b txt
|2 rdacontent
|
| 337 |
|
|
|a computer
|b c
|2 rdamedia
|
| 338 |
|
|
|a online resource
|b cr
|2 rdacarrier
|
| 500 |
|
|
|a Horizontal chain lines.
|
| 500 |
|
|
|a Reproduction of original from the Harvard University Libraries.
|
| 510 |
4 |
|
|a English Short Title Catalog,
|c ESTCN27748.
|
| 533 |
|
|
|a Electronic reproduction.
|b Farmington Hills, Mich. :
|c Thomson Gale,
|d 2003.
|n Available via the World Wide Web.
|n Access limited by licensing agreements
|7 s2003 miunns
|
| 500 |
|
|
|a Electronic resource.
|
| 830 |
|
0 |
|a Eighteenth century collections online.
|
| 856 |
4 |
0 |
|u http://proxy.library.tamu.edu/login?url=https://galenet.galegroup.com/servlet/ECCO?c=1&stp=Author&ste=11&af=BN&ae=N027748&tiPG=1&dd=0&dc=flc&docNum=CW117128914&vrsn=1.0&srchtp=a&d4=0.33&n=10&SU=0LRK&locID=txshracd2898
|z Full text online
|t 0
|
| 999 |
|
|
|a MARS
|
| 999 |
f |
f |
|s 29f2c396-e2b0-3c1e-8795-9b05499ea11f
|i b0d4810d-8a94-3af1-9c57-5c0f10b798df
|t 0
|
| 952 |
f |
f |
|a Texas A&M University
|b College Station
|c Electronic Resources
|s www_evans
|d Available Online
|t 0
|h No information provided
|
| 998 |
f |
f |
|t 0
|l Available Online
|